[Event "2. AUT Bundesliga 2020-21"]
[Site "Graz"]
[Date "2021.03.14"]
[Round "3.2"]
[White "Ragger, Anna-Christina"]
[Black "Csonka, Attila Istvan"]
[Result "0-1"]
[WhiteElo "2198"]
[BlackElo "2362"]
[Annotator "TA"]
[PlyCount "84"]
[EventDate "2021.01.17"]
[EventType "team-tourn"]
[EventCountry "AUT"]
[SourceTitle "playchess.com"]
[Source "ChessBase"]
[SourceQuality "1"]

{[%evp 19,84,29,72,64,86,86,74,46,110,85,159,79,187,154,230,197,256,210,232,197,563,562,557,549,527,524,509,489,466,452,341,223,230,226,258,0,0,0,0,0,29,11,47,0,15,-141,-104,-1253,-1253,-1008,-985,-1190,-1190,-1375,-1328,-1086,-1060,-1577,-1343,-29994,-29995,-29995,-29996,-29996,-29997,-29997,-9]} 1. e4 {Ribli,Z} c5 2. Nf3 e6 3. d4 cxd4 4. Nxd4 Nc6 5. Nc3 Qc7 6. Be2 a6 7. O-O Nf6 8. Kh1 b5 9. Nxc6 dxc6 10. f4 b4 {[#]} 11. e5 $1 {B47: Sicilian: Taimanov: 5 Nc3 Qc7 6 f4, 6 g3 and 6 Be2.} bxc3 (11... Nd5 12. Ne4) 12. exf6 gxf6 13. Qe1 {White is better.} (13. Qd4 {with more complications.} cxb2 14. Bxb2 Be7 15. f5 e5 16. Qg4) 13... Qa5 (13... f5 $1 $14) 14. bxc3 {[%cal Bb2c3,Bc3c4][%mdl 32] [#]} (14. Qxc3 $6 Qxc3 15. bxc3 Bc5 $11) 14... Bd7 $146 {[#]} (14... h5 $142) ({Predecessor:} 14... Rb8 15. Bd2 Rb2 16. Bd3 Rxa2 17. Rb1 Qc7 18. c4 h5 19. Bc3 Rh6 20. Qh4 Be7 {1-0 (31) Short,N (2655)-Ljubojevic,L (2580) Linares 1995 CBM 046 [Ribli,Z]}) 15. Bd2 (15. f5 $142 $1) 15... Qc7 (15... Qa4 $16) 16. c4 c5 (16... h5 $16 17. Ba5 Qa7) 17. Ba5 $18 Qc8 18. Qh4 Bg7 19. Rad1 f5 $2 (19... Ba4 {is a better chance.} 20. Bf3 O-O) 20. Rf3 O-O 21. Rg3 {Intending Qh6 and mate.} f6 22. Qh6 {[%csl Gg3][%cal Rh6g7]} Rf7 23. Bh5 Kh8 {[#]} 24. Rxg7 {[%mdl 576] Remove Defender} Rxg7 25. Qxf6 {aiming for Bc3.} Qf8 26. Qe5 {White wants to mate with Rxd7.} Bc6 27. Bf3 ({Better is} 27. Kg1 $18 {Bc3 is the strong threat.} Bxg2 28. Bc3 Be4+ 29. Kf1) 27... Bxf3 $11 28. gxf3 {Black must now prevent Rd7.} h6 29. Qxe6 {Strongly threatening Bc3.} Kh7 {Hoping for ...Re8.} (29... Re7 $5 {[%cal Re7e6]} 30. Qd5 Rf7 $14) 30. Rd6 Rb8 $1 31. Qxh6+ Kg8 32. Bb6 $2 (32. Rd1 $11 Rgb7 33. Rg1+ (33. Qxa6 Rb1 $11) 33... Rg7 34. Qe6+ (34. Qxa6 Rxg1+ 35. Kxg1 Qg7+ 36. Kf1 Rb1+ 37. Be1 Rxe1+ 38. Kxe1 Qg1+ {[%mdl 64] Double Attack} 39. Ke2 Qg2+ 40. Ke1 Qg1+ 41. Ke2 Qg2+ 42. Ke3 Qg1+ 43. Ke2 $11) 34... Kh7 35. Rg5 (35. Qxa6 {is a self mate.} Rxg1+ 36. Kxg1 Qg7+ 37. Kf1 Rg8 38. Ke2 Qg2+ {[%mdl 64] Double Attack} 39. Kd3 Qxf3+ {[%mdl 64] Double Attack} 40. Kd2 Rg1 41. Qb7+ Qxb7 42. Kc3 Rb1 43. Kd2 Qg2+ {[%mdl 64] Double Attack} 44. Ke3 Rf1 45. h4 Rf3#) 35... Rb1+ 36. Kg2) 32... Qe7 $40 {[%cal Re7e1][%mdl 1152] Black has strong compensation. Black has strong attack.} 33. Rg6 $2 {[%mdl 8192]} (33. Qe6+ $17 Qxe6 34. Rxe6) 33... Qe1+ $19 34. Kg2 Rbb7 35. Rg5 Rbe7 {( -> ...Re2+)} 36. Kh3 Qf1+ {[%mdl 64] Double Attack} 37. Kg3 Rxg5+ 38. fxg5 Qe1+ 39. Kg2 Re2+ {[%mdl 64] Double Attack. Black mates.} 40. Kh3 {[#]} Qf1+ $1 {[%mdl 64] Double Attack} 41. Kg3 Qf2+ 42. Kf4 Re4+ {[%mdl 32832] Double Attack. What a bad dream for White.  Weighted Error Value: White=1.07/Black=0.26. Loss on time!?} 0-1

[Event "2. AUT Bundesliga 2020-21"]
[Site "Graz"]
[Date "2021.03.14"]
[Round "3.3"]
[White "Postl, Anton"]
[Black "Bauer, Sebastian"]
[Result "0-1"]
[WhiteElo "2290"]
[BlackElo "2280"]
[Annotator "TA"]
[PlyCount "76"]
[EventDate "2021.01.17"]
[EventType "team-tourn"]
[EventCountry "AUT"]
[SourceTitle "playchess.com"]
[Source "ChessBase"]
[SourceQuality "1"]

{[%evp 29,76,45,56,39,64,43,58,52,52,52,89,57,72,49,105,0,6,0,139,133,154,95,190,0,0,0,0,-56,-56,-41,-24,-30,189,0,0,0,0,-135,-147,-374,-378,-371,-364,-379,-322,-1189,-1139,-29995,-341]} 1. Nf3 Nf6 2. c4 g6 3. Nc3 Bg7 4. e4 d6 5. d4 O-O 6. Be2 e5 7. O-O Nc6 8. d5 Ne7 9. Ne1 Nd7 10. Be3 f5 11. f3 f4 12. Bf2 g5 13. c5 Nf6 14. Rc1 {14.Rc1 is better than 14.cxd6.} Ng6 15. Nd3 Rf7 16. Kh1 {E99: King's Indian: Classical Main Line: 9 Ne1 Nd7 10 f3 f5.} Bf8 17. Rg1 h5 18. g3 {White is slightly better.} fxg3 {18...g4 is vanishing.} 19. Rxg3 g4 20. cxd6 cxd6 21. Be3 {[#]} h4 $146 (21... Kh8 $14) ({Predecessor:} 21... Nf4 22. Nxf4 exf4 23. Bxf4 Nxe4 24. Nxe4 Rxf4 25. Qd2 Bh6 26. fxg4 Rf1+ 27. Rxf1 Bxd2 28. gxh5+ {1-0 (37) Zielinski,S (2321)-Sutton,A (2275) ICCF email 2016}) 22. Rg1 ({White must play} 22. Rg2 $1 $16) 22... g3 $11 23. hxg3 hxg3 (23... Nh5 $11 24. g4 Ng3+ 25. Kh2 Qf6) 24. Rxg3 $16 Rh7+ 25. Kg1 (25. Kg2 $142 $1 Kf7 26. f4) 25... Kf7 (25... Rg7 $16) 26. Nb5 $2 (26. f4 $1 $18 {[%cal Rf4e5] And now fxe5 would win.} Nxf4 27. Nxf4 (27. Bxf4 exf4 28. Nxf4 Bh6 $16) 27... exf4 28. Bxf4) 26... Nh5 $1 $11 {[%cal Rh5g3]} 27. Rc7+ Be7 $1 28. Rxg6 Kxg6 $15 29. f4 Ng3 {...Rh1+ is the strong threat.} 30. Bf3 Qh8 (30... Bd7 $11 {and Black stays safe.} 31. Rxb7 Bxb5 32. Rxb5 Qd7) 31. f5+ $2 (31. Nf2 $1 $18 {Threatens to win with f5+.} Rg7 32. fxe5 (32. Nxa7 Bh3 $15)) 31... Kf6 $11 32. Nf2 Rg7 $36 {[%mdl 2048] Hoping for ...Qh4. Black is more active.} 33. Bg2 {[#]} (33. Bg4 $1 $11) 33... Qh4 $1 $17 34. Qc2 $2 ({Don't blunder} 34. Nxa7 $2 {[#]} Bd7 $1 $19 {[%mdl 512]}) (34. Qf3 $17 {keeps fighting.} b6 35. Nxd6 (35. Nxa7 $2 Ba6 $19) 35... Bxd6 36. Rc6) 34... Nxf5 $19 35. exf5 Bxf5 36. Rc4 Qg3 {[%csl Gg7][%cal Rg3g2][%mdl 64] Double Attack} (36... Rag8 $2 37. Qxf5+ Kxf5 38. Nxd6+ Bxd6 39. Rxh4 $19) 37. Ne4+ $2 (37. Qe4 Rag8 38. Kf1) 37... Bxe4 38. Rxe4 Qe1+ {Never resign too early!  Weighted Error Value: White=1.14/Black=0.28} 0-1

[Event "2. AUT Bundesliga 2020-21"]
[Site "Graz"]
[Date "2021.03.14"]
[Round "3.4"]
[White "Guetz, Wolfgang"]
[Black "Marakovits, Nico"]
[Result "0-1"]
[WhiteElo "2061"]
[BlackElo "2214"]
[Annotator "TA"]
[PlyCount "56"]
[EventDate "2021.01.17"]
[EventType "team-tourn"]
[EventCountry "AUT"]
[SourceTitle "playchess.com"]
[Source "ChessBase"]
[SourceQuality "1"]

{[%evp 9,56,14,24,-4,50,54,94,94,100,96,139,107,152,98,89,-175,-175,-159,-203,-300,-276,-302,-171,-209,-214,-272,-87,-194,-209,-208,-192,-507,-275,-268,-40,-32,0,-194,0,-22,-34,-77,-75,-170,-173,-1226,-1208,-6545,-5027]} 1. e4 e5 2. Nf3 Nc6 3. d4 exd4 4. Nxd4 Nf6 5. Nxc6 bxc6 6. Nc3 {C45: Scotch Game.} Bb7 (6... Bb4 $11) 7. Bd3 $14 Be7 {[#]} 8. e5 $146 {[%cal Re5f6] White is better.} ({Predecessor:} 8. O-O d5 9. exd5 cxd5 10. Re1 O-O 11. Bg5 Re8 12. Rb1 d4 13. Bxf6 Bxf6 14. Ne4 Be5 15. g3 Qd5 16. f4 Bd6 17. Kf2 f5 18. Qe2 fxe4 19. Bc4 {½-½ (49) Sperling,G (1248)-Beyer,R (1297) Germany 2004}) 8... Nd5 9. Qg4 Bf8 10. Bg5 Qc8 11. Ne4 (11. O-O $142) 11... d6 $16 12. Nxd6+ $2 {[%mdl 8192]} cxd6 $19 13. Bf5 Qc7 14. O-O-O (14. e6 $142 f6 15. Qh5+ Kd8 16. Bd2) 14... dxe5 15. Rhe1 {Black must now prevent Rxe5+!} Bd6 (15... f6 $142 16. Qh5+ g6 17. Bxg6+ hxg6 18. Qxh8 fxg5) 16. c4 {[#]} f6 $1 {[%cal Rf6g5]} 17. Bh4 {[#]} (17. Bd2 g6) 17... Nb6 (17... h5 $1 $19 {and Black stays clearly on top.} 18. Qg6+ (18. Qh3 g5) 18... Kf8 19. cxd5 Rh6) 18. Rxd6 Qxd6 19. Qxg7 Rf8 {Hoping for ...Rf7.} ({Stronger than} 19... Qf8 20. Rxe5+ $1 {[%mdl 512]} Kd8 21. Bxf6+ Qxf6 22. Qxf6+ Kc7 23. Qe7+ Nd7 24. Qxd7+ Kb6 25. Qd4+ Kc7 26. Re7+ Kb8 27. Qf4#) 20. Qxb7 (20. Qxh7 Rf7 21. Qh5) 20... Rf7 21. Qa6 {[#]} Qd4 (21... Rd8 $1 $19 {( -> ...Qd2+)} 22. Qa5 Nxc4) 22. Re4 $15 Qd6 $40 {[%mdl 128] Black is up to no good.} 23. Re3 $2 {[#]} (23. Re1 $11) 23... Qd4 $2 ({Better is} 23... Rd8 $1 $19 {[%csl Gd8][%cal Rd6d1]} 24. Rd3 Qb4) 24. Re4 $11 Qc5 25. f4 Qg1+ 26. Re1 (26. Be1 $17) 26... Qxh2 $19 {[%mdl 64] Double Attack} 27. Bxf6 $2 (27. g3) 27... Qxf4+ {[%mdl 64] Double Attack} 28. Kd1 Rxf6 {Weighted Error Value: White=1.28/Black=0.71} 0-1

[Event "2. AUT Bundesliga 2020-21"]
[Site "Graz"]
[Date "2021.03.14"]
[Round "3.5"]
[White "Stradner, Stefan"]
[Black "Kobas, Mihael"]
[Result "1-0"]
[WhiteElo "2124"]
[BlackElo "2030"]
[Annotator "TA"]
[PlyCount "63"]
[EventDate "2021.01.17"]
[EventType "team-tourn"]
[EventCountry "AUT"]
[SourceTitle "playchess.com"]
[Source "ChessBase"]
[SourceQuality "1"]

{[%evp 9,63,-17,-27,-19,-20,-16,47,41,30,0,-2,-30,-23,-27,-19,-19,-16,-19,2,-23,-16,-27,-27,-25,-24,-27,-20,-18,-12,-41,-23,-37,-37,-23,16,0,39,29,35,31,40,3,16,16,219,207,192,190,323,323,320,324,373,134,1214,1187]} 1. d4 d5 2. Bf4 c5 3. e3 Nc6 4. Nc3 Bf5 5. a3 e6 6. Nf3 {D00: 1 d4 d5: Unusual lines.} Nf6 7. Bb5 Bd6 ({Better is} 7... Bg4 $11) 8. dxc5 $14 {[#] White is slightly better.} Bxc5 $146 ({Predecessor:} 8... Bxf4 9. exf4 Qc7 10. Bxc6+ bxc6 11. Qd2 Rb8 12. b4 a5 13. O-O O-O 14. Nd4 Bg6 {0-1 (30) Santillan,M-Borzone,P San Antonio de Padua 2001}) 9. Nd4 Bxd4 10. exd4 (10. Bxc6+ $5 bxc6 11. exd4 $11) 10... Qb6 11. O-O O-O 12. Bxc6 Qxc6 13. Qd2 b5 14. Rac1 a5 15. f3 Rfc8 16. Nd1 Bg6 ({Wrong is} 16... Bxc2 $2 17. Ne3 $18) 17. Ne3 h6 18. g4 Nd7 19. Rf2 Nb6 20. h4 Nc4 21. Nxc4 Qxc4 22. Bd6 Qa2 (22... Qc6 $5 {[%cal Rc6d6]} 23. Bc5 e5 $11) 23. c3 Qc4 24. Re1 Qc6 25. Bc5 (25. Be5 $5 {[%cal Rh4h5]}) 25... Qc7 26. Rg2 {[#] Strongly threatening h5.} Re8 $2 (26... Kh8 $11 {and Black stays safe.}) 27. h5 $18 Bh7 28. g5 hxg5 (28... Bf5 $142 29. gxh6 g6 30. h7+ Kxh7) 29. Qxg5 {[%csl Gg2][%cal Rg5g7]} f6 30. Qxf6 Kh8 31. Qe5 {[#]} (31. Qg5 $18 {and White stays clearly on top.} Kg8 32. Kf2) 31... Qf7 $2 {[%mdl 8192]} (31... Qxe5 $16 32. Rxe5 Bf5) 32. h6 {Weighted Error Value: White=0.16/Black=0.34} 1-0

[Event "2. AUT Bundesliga 2020-21"]
[Site "Graz"]
[Date "2021.03.14"]
[Round "3.6"]
[White "Hiebler, Laura"]
[Black "Eibinger, Manuel"]
[Result "1/2-1/2"]
[WhiteElo "2025"]
[BlackElo "2019"]
[Annotator "TA"]
[PlyCount "62"]
[EventDate "2021.01.17"]
[EventType "team-tourn"]
[EventCountry "AUT"]
[SourceTitle "playchess.com"]
[Source "ChessBase"]
[SourceQuality "1"]

{[%evp 14,62,-1,-6,-1,0,8,-55,-42,-50,-8,-3,-16,-18,-4,0,-3,0,-3,-2,-11,-30,0,-42,-22,-41,-41,-72,-66,-80,-44,-82,-60,-122,-111,-103,-69,-147,-94,-135,-137,-118,-126,-125,-121,-137,-70,-65,-65,-68,-63]} 1. c4 c5 2. Nc3 Nc6 3. g3 g6 4. Bg2 Bg7 5. Nf3 e6 6. e4 Nge7 7. O-O O-O 8. d3 b6 {A36: Symmetrical English vs ...g6: 4 Bg2 Bg7.} 9. Be3 Nd4 {[#]} 10. Nxd4 $146 (10. Bf4 $11) ({Predecessor:} 10. Qd2 Bb7 11. Bh6 Nxf3+ 12. Bxf3 Nc6 13. Bxg7 Kxg7 14. Bg2 d6 15. f4 e5 16. f5 f6 17. h4 Nd4 18. Bh3 gxf5 19. Bxf5 Kh8 {½-½ (19) Kosny,M (2002)-Szymanski,P (2218) Miedzyzdroje 2009}) 10... cxd4 $15 11. e5 $1 Rb8 12. Bxd4 Nf5 13. Be3 Nxe3 14. fxe3 Bxe5 15. d4 Bg7 16. Qa4 a6 {[%cal Ba7a6,Ba6b5][%mdl 32]} 17. Rad1 b5 18. cxb5 axb5 19. Qb4 d5 20. Rc1 Bd7 21. Ne2 Re8 22. Qc5 b4 23. Qc7 (23. Nf4 $15) 23... Bh6 24. Nf4 Qe7 (24... Ra8 {keeps more tension.} 25. Qb7 Qe7 26. Rfe1 Reb8 27. Qc7 Qe8) 25. Kh1 (25. Qc2 $15) 25... Bb5 (25... Rec8 $142 26. Qa5 Bc6) 26. Qxe7 Rxe7 27. Rf2 Ra7 28. b3 Rba8 29. Rcc2 Bf8 (29... g5 $17 30. Nh5 Bd3 31. Nf6+ Kh8) 30. Rfd2 Bd6 31. Kg1 Kf8 {Weighted Error Value: White=0.21/Black=0.15} 1/2-1/2

[Event "2. AUT Bundesliga 2020-21"]
[Site "Graz"]
[Date "2021.03.14"]
[Round "3.7"]
[White "Kadric, Denis"]
[Black "Gelbenegger, Patrick"]
[Result "1-0"]
[WhiteElo "2577"]
[BlackElo "2248"]
[Annotator "TA"]
[PlyCount "83"]
[EventDate "2021.01.17"]
[EventType "team-tourn"]
[EventCountry "AUT"]
[SourceTitle "playchess.com"]
[Source "ChessBase"]
[SourceQuality "1"]

{[%evp 15,83,29,42,43,47,41,47,63,58,36,67,66,81,51,35,0,0,0,123,71,154,130,137,129,218,219,312,312,311,291,318,317,292,278,328,335,397,412,419,422,441,438,433,456,529,536,619,611,754,754,736,722,853,814,910,963,946,883,926,843,2266,1950,12832,9498,12839,12840,12844,12844,12844,12844]} 1. e4 e5 2. Nf3 Nc6 3. Nc3 Nf6 4. Bb5 d6 5. d4 exd4 6. Nxd4 Bd7 7. Bxc6 bxc6 8. Qf3 c5 9. Nf5 {C62: Ruy Lopez: Steinitz Defence.} Bxf5 10. exf5 {Qc6+ is the strong threat.} Rb8 11. b3 {White is slightly better.} Be7 12. Bb2 O-O 13. O-O-O {[#]} Rb4 $146 ({Predecessor:} 13... c4 14. g4 Nd7 15. Nd5 Bg5+ 16. Kb1 cxb3 17. axb3 c6 18. h4 Bxh4 19. Qc3 Ne5 {1-0 (33) Kritz,L (2596)-Sabirov,F (2362) Ascona 2007}) 14. a3 Rd4 15. Nb5 Rxd1+ 16. Rxd1 Qb8 {[#]} (16... d5 $1 $11) 17. Qc6 {Black is on the road to losing.} (17. Re1 $142 $1) 17... Bd8 (17... Rc8 $142) 18. Re1 Qb6 19. Qxb6 axb6 (19... cxb6 $16 20. Nxd6 Bc7) 20. Bxf6 $18 gxf6 $16 {[%mdl 4096] Endgame KRB-KRN} (20... Bxf6 {keeps fighting.} 21. Nxc7 Bd4) 21. Na7 $18 Kg7 22. h4 c6 23. Nxc6 d5 24. Rd1 Bc7 25. Rxd5 Bf4+ 26. Kd1 Rc8 27. Na7 Re8 {White is clearly winning.} 28. g3 Be5 29. Nb5 Re7 30. f4 Bc7 31. a4 Kh6 32. Nxc7 Rxc7 {KR-KR} 33. g4 Re7 34. Rd6 Re4 35. g5+ Kg7 36. h5 Rxf4 37. Rxf6 Rg4 38. h6+ Kf8 39. g6 hxg6 40. fxg6 Rxg6 41. Rxg6 fxg6 42. c3 {Weighted Error Value: White=0.06/Black=0.35} 1-0

[Event "2. AUT Bundesliga 2020-21"]
[Site "Graz"]
[Date "2021.03.14"]
[Round "3.8"]
[White "Breneis, Lukas"]
[Black "Ftacnik, Lubomir"]
[Result "1/2-1/2"]
[WhiteElo "2252"]
[BlackElo "2512"]
[Annotator "TA"]
[PlyCount "63"]
[EventDate "2021.01.17"]
[EventType "team-tourn"]
[EventCountry "AUT"]
[SourceTitle "playchess.com"]
[Source "ChessBase"]
[SourceQuality "1"]

{[%evp 14,63,56,27,28,28,28,-8,0,-8,16,0,16,-32,-33,-29,-26,-68,-58,-47,-52,-118,-46,-54,-67,-65,-16,-25,-22,-33,-10,-45,0,0,-1,-8,-8,-9,0,0,0,0,0,-6,-18,-34,-30,-36,28,-8,43,27]} 1. e4 c5 2. Nf3 d6 3. d4 cxd4 4. Nxd4 Nf6 5. Nc3 a6 6. h3 e6 7. g4 Nc6 8. Bg2 Nd7 {B81: Sicilian Scheveningen: Keres Attack.} 9. Be3 Be7 10. Qe2 O-O {The position is equal. 10...Nxd4 is not played anymore.} 11. O-O Qc7 12. Rad1 Rb8 13. f4 {[#]} Nxd4 $146 ({Predecessor:} 13... b5 14. Qf2 Na5 15. Nce2 Bb7 16. c3 Ba8 17. Nc2 Nc4 18. Bc1 Nc5 19. Ng3 Bh4 {0-1 (46) Atzl,F (2026)-Khalakhan,J (2278) St Veit 2017}) 14. Bxd4 b5 {[%cal Bb7b5,Bb5b4][%mdl 32]} 15. f5 b4 16. fxe6 fxe6 17. Rxf8+ (17. Na4 $15) 17... Bxf8 (17... Nxf8 $17 18. Nb1 Ng6) 18. Na4 {[%cal Bc3a4,Ba4b2,Bb2d3,Bd3f4,Bf4d5][%mdl 32]} Ne5 19. b3 Bb7 20. c4 Be7 21. Nb2 a5 22. Nd3 Nc6 23. Be3 Bf6 24. g5 Bd4 25. Nf4 e5 {[#] Threatens to win with ...Bxe3+.} 26. Nd5 {[%cal Rd5c7]} Qd8 27. h4 Bxe3+ 28. Qxe3 Nd4 29. Bh3 Bxd5 30. exd5 Qb6 (30... a4 $15) 31. Kg2 Qc5 (31... a4 $11) 32. Rf1 {Weighted Error Value: White=0.15/Black=0.18} 1/2-1/2

[Event "2. AUT Bundesliga 2020-21"]
[Site "Graz"]
[Date "2021.03.14"]
[Round "3.9"]
[White "Milanovic, Danilo"]
[Black "Meyer, Gordon"]
[Result "1-0"]
[WhiteElo "2466"]
[BlackElo "2216"]
[Annotator "TA"]
[PlyCount "91"]
[EventDate "2021.01.17"]
[EventType "team-tourn"]
[EventCountry "AUT"]
[SourceTitle "playchess.com"]
[Source "ChessBase"]
[SourceQuality "1"]

{[%evp 14,91,50,14,22,33,35,-26,47,37,39,57,96,105,112,40,50,33,33,33,59,30,43,35,46,20,36,35,35,29,85,80,84,65,87,87,93,46,170,148,163,50,41,32,39,21,106,95,154,161,179,162,195,185,175,80,112,102,120,100,112,97,153,112,163,113,168,174,237,235,236,217,219,201,259,246,304,261,548,531]} 1. d4 Nf6 2. c4 g6 3. Nc3 Bg7 4. e4 d6 5. f3 O-O 6. Bg5 Nbd7 7. Qd2 c6 8. Nh3 a6 {E81: King's Indian: Sämisch: 6th move deviations (including 6 Be3 c6).} 9. Nf2 b5 10. a3 {[#]} (10. Be2 $14) 10... bxc4 $146 (10... Nb6 $11) ({Predecessor:} 10... Re8 11. cxb5 axb5 12. Rd1 Qb6 13. Nd3 e5 14. dxe5 Nxe5 15. Nxe5 dxe5 16. Be3 Qb7 {0-1 (42) Priehoda,V (2402)-Svoboda,S (2286) Czechia 2010}) 11. Bxc4 $14 d5 12. Ba2 a5 13. e5 (13. exd5 cxd5 14. Nxd5 (14. Bxd5 Nxd5 15. Nxd5 Nf6 $11) 14... Ba6 $11) 13... Ne8 {[#]} 14. O-O (14. h4 $1 $16) 14... Nb6 15. Rad1 Nc7 16. Bh6 f5 17. exf6 exf6 18. Rfe1 Re8 19. Nce4 Ra7 20. Bxg7 Kxg7 21. Nc5 a4 (21... Ne6 $1 $11 {remains equal.}) 22. Nfd3 $16 Ne6 23. Nb4 Qd6 24. Rc1 {Strongly threatening Nxe6+.} Rc7 25. Rc3 Nc4 (25... Ree7 $14) 26. Bxc4 $18 dxc4 27. Ne4 (27. Rxc4 $18 {Threatens to win with Qc3.} Nxd4 28. Rd1 Ne2+ 29. Kf2 Qxh2 30. Qd6 Qxd6 31. Rxd6) 27... Qxd4+ $14 28. Qxd4 Nxd4 29. Rxc4 Nb3 (29... Nxf3+ $1 $11 30. gxf3 f5) 30. Kf2 $16 (30. Rxc6 $2 Rxc6 31. Nxc6 f5 $19) (30. Nxc6 $2 f5 $19) 30... Be6 (30... Na5 $142 31. Rc2 Rce7) 31. Nd6 ({But not} 31. Rxc6 Rxc6 32. Nxc6 Bd5 $16) 31... Ree7 32. Rxc6 Bf7 33. Nxf7 Rxf7 {[#]} 34. Ra6 (34. Rxc7 $1 $18 {has better winning chances.} Rxc7 35. Rd1) 34... Nc5 35. Rd6 Rb7 36. Re2 Nb3 37. Rc2 Rfe7 ({Better is} 37... Rfd7 38. Rcc6 f5) 38. Rcc6 f5 (38... Red7 $16 39. Nd5 (39. Rxf6 Rd2+ 40. Kf1 Rbd7 $11) 39... Rxd6 40. Rxd6 f5) 39. h4 Re5 (39... Red7 $16 40. Rb6 Kh6) 40. h5 $18 {[%cal Rh5g6]} gxh5 (40... Rc5 $142 41. hxg6 Rxc6 42. Nxc6 (42. Rxc6 hxg6 43. Nd5 g5 $16) 42... hxg6) 41. Nd3 Re8 42. Ra6 Rc8 43. Rxa4 Rc2+ 44. Kg3 Nd2 45. Nf4 {Hoping for Ne6+.} Rcxb2 $2 (45... Nf1+ {was worth a try.} 46. Kh4 Rcxb2) 46. Ne6+ {Weighted Error Value: White=0.21/Black=0.41} 1-0

[Event "2. AUT Bundesliga 2020-21"]
[Site "Graz"]
[Date "2021.03.14"]
[Round "3.10"]
[White "Wiesinger, Robert"]
[Black "Druska, Juraj"]
[Result "1/2-1/2"]
[WhiteElo "2239"]
[BlackElo "2495"]
[Annotator "RC"]
[PlyCount "40"]
[EventDate "2021.01.17"]
[EventType "team-tourn"]
[EventCountry "AUT"]
[SourceTitle "playchess.com"]
[Source "ChessBase"]
[SourceQuality "1"]
[TimeControl "40/5400+30:1800+30"]

1. e4 {[%emt 0:00:00]} c5 {[%emt 0:00:00]} 2. Nf3 {[%emt 0:00:00]} d6 {[%emt 0:00:10]} 3. d4 {[%emt 0:00:03]} cxd4 {[%emt 0:00:11]} 4. Nxd4 {[%emt 0:00:09]} Nf6 {[%emt 0:00:05]} 5. Nc3 {[%emt 0:00:13]} g6 {[%emt 0:00:34]} 6. Be3 {[%emt 0:01:06]} Bg7 {[%emt 0:00:10]} 7. f3 {[%emt 0:00:48]} O-O {[%emt 0:00:25]} 8. Qd2 {[%emt 0:00:18]} Nc6 {[%emt 0:00:05]} 9. O-O-O {[%emt 0:00:25]} d5 {[%emt 0:00:34]} 10. Qe1 {[%emt 0:00:34]} e5 {[%emt 0:00:45]} 11. Nxc6 {[%emt 0:00:21]} bxc6 {[%emt 0:00:03]} 12. exd5 {[%emt 0:00:37]} Nxd5 {[%emt 0:03:56]} 13. Bc4 {[%emt 0:01:39]} Be6 {[%emt 0:02:20]} 14. Ne4 {[%emt 0:01:12]} Qc7 {[%emt 0:06:05]} 15. Bc5 {[%emt 0:01:17]} Rfe8 {[%emt 0:03:15]} 16. g4 {[%emt 0:38:38]} Nf4 {[%emt 0:01:03]} 17. Bd6 {[%emt 0:08:20]} Qb6 {[%emt 0:03:02]} 18. Bc5 {[%emt 0:00:58]} Qc7 {[%emt 0:01:00]} 19. Bd6 {[%emt 0:00:13]} Qb6 {[%emt 0:19:50]} 20. Bc5 {[%emt 0:00:11]} Qc7 {[%emt 0:00:04]} 1/2-1/2

[Event "2. AUT Bundesliga 2020-21"]
[Site "Graz"]
[Date "2021.03.14"]
[Round "3.11"]
[White "Borhy, Marcell"]
[Black "Raber, Florian"]
[Result "1-0"]
[WhiteElo "2392"]
[BlackElo "2128"]
[Annotator "TA"]
[PlyCount "45"]
[EventDate "2021.01.17"]
[EventType "team-tourn"]
[EventCountry "AUT"]
[SourceTitle "playchess.com"]
[Source "ChessBase"]
[SourceQuality "1"]

{[%evp 16,45,77,74,95,70,90,90,64,59,149,164,201,169,231,231,228,100,149,164,515,504,1872,1870,1893,1887,1865,1381,1327,1315,1296,1298]} 1. Nf3 d5 2. d4 c6 3. c4 dxc4 4. e3 b5 5. a4 e6 6. axb5 cxb5 7. b3 {[%cal Bb2b3,Bb3c4][%mdl 32]} Bb4+ 8. Bd2 Bxd2+ 9. Nbxd2 a5 {D11: Slav Defence: 3 Nf3 sidelines and 3...Nf6 4 e3 Bg4.} 10. bxc4 {Strongly threatening c5.} b4 $1 11. Ne5 {And now Nxf7! would win.} Nf6 {White is better.} 12. Be2 Bb7 {[#]} (12... O-O $14) 13. Qa4+ $1 $16 Kf8 {[#]} 14. O-O $146 ({Predecessor:} 14. Qb5 Qc7 15. Nb3 Bxg2 16. Rg1 Qb7 17. Rxg2 Qxb5 18. cxb5 a4 19. Nc5 a3 20. Ned3 Ra5 21. Nxb4 {1-0 (21) Repplinger,M (2210)-Mouroutis,K (2181) Aghios Kirykos 2018}) 14... Nfd7 (14... Qc7 $142 15. Qb5 Ne4 16. Nxe4 Bxe4) 15. Qb5 $18 Qc7 16. Nd3 (16. Nb3 $18 {[%cal Rb3a5]} Nxe5 17. Nxa5 (17. Qxe5 Qxe5 18. dxe5 a4 $11) (17. dxe5 Bc6 $18)) 16... Bc6 17. Qh5 f5 $2 (17... h6 18. Bf3 g6) 18. Nf4 {White is clearly winning.} Ke7 (18... Qd6 $142 19. c5 Qe7 20. Ng6+ hxg6 21. Qxh8+ Kf7) 19. Qg5+ {[%mdl 64] [#] Double Attack} Kf7 20. Bh5+ g6 21. Bxg6+ hxg6 22. Qxg6+ {[%mdl 64] Double Attack} Ke7 23. Qg7+ {[%mdl 64] Double Attack.  Weighted Error Value: White=0.15/Black=0.66} 1-0